Jeezy Discography - Statistics

General Stats
  • This quiz has been taken 5 times
  • The average score is 5 of 30
Answer Stats
Year Name Type % Correct
2005 Let's Get It: Thug Motivation 101 Album
100%
2008 The Recession Album
100%
2003 Come Shop wit Me Independent Album
50%
2014 Seen It All: The Autobiography Album
50%
2005 Trap or Die Mixtape
50%
2016 Trap or Die 3 Album
50%
2010 Trap or Die Part 2: By Any Means Necessary Mixtape
50%
2010 1,000 Grams Mixtape
0%
2013 Boss Yo Life Up Gang Mixtape (Collab)
0%
2005 Boyz n da Hood Album (Group)
0%
2006 Can't Ban the Snowman Mixtape
0%
2015 Church in These Streets Album
0%
2007 Cold Summer Album (Group)
0%
2011 CTE or Nothing Mixtape (Collab)
0%
2015 Gangsta Party Mixtape
0%
2006 I Am the Street Dream! Mixtape
0%
2012 It's Tha World Mixtape
0%
2013 #ItsThaWorld Mixtape (Collab)
0%
2013 #ItsThaWorld2 Mixtape (Collab)
0%
2015 Politically Correct Mixtape
0%
2017 Snow Season Album
0%
2006 The Inspiration Album
0%
2010 The Last Laugh Mixtape
0%
2008 The Prime Minister Mixtape
0%
2011 The Real Is Back Mixtape
0%
2011 The Real Is Back 2 Mixtape
0%
2004 The Streets Iz Watchin Mixtape
0%
2001 Thuggin' Under the Influence (T.U.I.) Independent Album
0%
2011 TM:103 Hustlerz Ambition Album
0%
2009 Trappin' Ain't Dead Mixtape
0%
No matching quizzes found
Score Distribution
Percent of People with Each Score
Percentile by Number Answered
Your Score History
You have not taken this quiz